<?xml version="1.0" encoding="UTF-8"?>
<record
    xmlns:xsi="http://www.w3.org/2001/XMLSchema-instance"
    xsi:schemaLocation="http://www.loc.gov/MARC21/slim http://www.loc.gov/standards/marcxml/schema/MARC21slim.xsd"
    xmlns="http://www.loc.gov/MARC21/slim">

  <leader>01697nam a2200289 a 4500</leader>
  <controlfield tag="001">BRCA_2368</controlfield>
  <controlfield tag="005">20190320203757.0</controlfield>
  <controlfield tag="008">061108s1605----sp-#---###---#000-0#spa-u</controlfield>
  <datafield tag="041" ind1=" " ind2=" ">
    <subfield code="a">spa</subfield>
  </datafield>
  <datafield tag="044" ind1=" " ind2=" ">
    <subfield code="a">sp</subfield>
  </datafield>
  <datafield tag="084" ind1=" " ind2=" ">
    <subfield code="a">009</subfield>
    <subfield code="b">.M49</subfield>
    <subfield code="c">1605</subfield>
  </datafield>
  <datafield tag="100" ind1="1" ind2=" ">
    <subfield code="a">Cervantes Saavedra, Miguel de</subfield>
    <subfield code="d">1547-1616</subfield>
    <subfield code="9">213</subfield>
  </datafield>
  <datafield tag="245" ind1="1" ind2="0">
    <subfield code="a">El Ingenioso Hidalgo Don Quixote de la Mancha</subfield>
    <subfield code="b">dirigido al Duque de B&#xE9;jar, Marqu&#xE9;z de Gibrale&#xF3;n, Conde de Benalcazar y Ba&#xF1;ares, Vizconde de la Puebla de Alcozer, Se&#xF1;or de las villas de Capilla, Curiel y Burguillos</subfield>
    <subfield code="c">compuesto por Miguel de Cervantes Saavedra.</subfield>
  </datafield>
  <datafield tag="260" ind1=" " ind2=" ">
    <subfield code="a">Valencia</subfield>
    <subfield code="b">Pedro Patricio Mey</subfield>
    <subfield code="c">1605</subfield>
  </datafield>
  <datafield tag="300" ind1=" " ind2=" ">
    <subfield code="a">1 v. (en varias paginaciones)</subfield>
    <subfield code="c">16 cm.</subfield>
  </datafield>
  <datafield tag="500" ind1=" " ind2=" ">
    <subfield code="a">Contenido : Dedicatoria del autor al Duque de B&#xE9;jar. Pr&#xF3;logo del autor. Versos preliminares. Texto</subfield>
  </datafield>
  <datafield tag="500" ind1=" " ind2=" ">
    <subfield code="a">Segunda edici&#xF3;n de Valencia. Aprobaci&#xF3;n fechada en Valencia, a 18 de julio de 1605. El privilegio dado en Valencia, a 9 de febrero de 1605. Sigue el texto de la segunda edici&#xF3;n de Cuesta de la que corrigi&#xF3; algunas erratas a cambio de otras muchas, que se estamparon de nuevo. Contiene, adem&#xE1;s, algunas adiciones caprichosas que alteran el texto. Encuadernada en pergamino L&#xFA;dovik Osterc</subfield>
  </datafield>
  <datafield tag="500" ind1=" " ind2=" ">
    <subfield code="a">Estado f&#xED;sico : Anotaciones manuscritas en las guardas y a lo largo del texto</subfield>
  </datafield>
  <datafield tag="500" ind1=" " ind2=" ">
    <subfield code="a">Con ex-libris de : John Murray</subfield>
  </datafield>
  <datafield tag="650" ind1="1" ind2="4">
    <subfield code="a">Novela espa&#xF1;ola</subfield>
    <subfield code="y">&#xC9;poca cl&#xE1;sica, 1500-1700</subfield>
    <subfield code="9">215</subfield>
  </datafield>
  <datafield tag="650" ind1="1" ind2="4">
    <subfield code="a">Literatura espa&#xF1;ola</subfield>
    <subfield code="x">&#xC9;poca cl&#xE1;sica, 1500-1700</subfield>
    <subfield code="9">7078</subfield>
  </datafield>
  <datafield tag="650" ind1="1" ind2="4">
    <subfield code="a">Novela espa&#xF1;ola</subfield>
    <subfield code="y">Siglo XVII</subfield>
    <subfield code="9">217</subfield>
  </datafield>
  <datafield tag="650" ind1="1" ind2="4">
    <subfield code="a">Don Quijote (Personaje ficticio)</subfield>
    <subfield code="e">Novela</subfield>
    <subfield code="9">218</subfield>
  </datafield>
  <datafield tag="740" ind1="0" ind2=" ">
    <subfield code="a">El Ingenioso Hidalgo Don Quijote de la Mancha</subfield>
  </datafield>
  <datafield tag="902" ind1=" " ind2=" ">
    <subfield code="a">QFM</subfield>
  </datafield>
  <datafield tag="942" ind1=" " ind2=" ">
    <subfield code="2">lcc</subfield>
    <subfield code="c">B</subfield>
  </datafield>
  <datafield tag="999" ind1=" " ind2=" ">
    <subfield code="c">2109</subfield>
    <subfield code="d">2109</subfield>
  </datafield>
  <datafield tag="952" ind1=" " ind2=" ">
    <subfield code="0">0</subfield>
    <subfield code="1">0</subfield>
    <subfield code="4">0</subfield>
    <subfield code="7">0</subfield>
    <subfield code="a">BRCA</subfield>
    <subfield code="b">BRCA</subfield>
    <subfield code="d">2008-11-06</subfield>
    <subfield code="l">0</subfield>
    <subfield code="o">009 .M49 1605</subfield>
    <subfield code="p">2365</subfield>
    <subfield code="r">2019-03-22 00:00:00</subfield>
    <subfield code="w">2019-03-22</subfield>
    <subfield code="y">B</subfield>
  </datafield>
</record>
